| 000 -LEADER |
| fixed length control field |
01239pam a2200313 a 4500 |
| 001 - CONTROL NUMBER |
| control field |
2451752 |
| 005 - DATE AND TIME OF LATEST TRANSACTION |
| control field |
20170124080644.0 |
| 008 - FIXED-LENGTH DATA ELEMENTS--GENERAL INFORMATION |
| fixed length control field |
890405s1989 cauaf b 001 0 eng |
| 010 ## - LIBRARY OF CONGRESS CONTROL NUMBER |
| LC control number |
89004561 |
| 020 ## - INTERNATIONAL STANDARD BOOK NUMBER |
| International Standard Book Number |
087477523X : |
| Terms of availability |
$22.95 |
| 020 ## - INTERNATIONAL STANDARD BOOK NUMBER |
| International Standard Book Number |
0874775132 (pbk.) : |
| Terms of availability |
$12.95 |
| 040 ## - CATALOGING SOURCE |
| Original cataloging agency |
DLC |
| Transcribing agency |
DLC |
| Modifying agency |
DLC |
| 050 00 - LIBRARY OF CONGRESS CALL NUMBER |
| Classification number |
NC730 |
| Item number |
.E34 1989 |
| 100 1# - MAIN ENTRY--PERSONAL NAME |
| Personal name |
Edwards, Betty, |
| Dates associated with a name |
1926- |
| 245 10 - TITLE STATEMENT |
| Title |
Drawing on the right side of the brain : |
| Remainder of title |
a course in enhancing creativity and artistic confidence / |
| Statement of responsibility, etc. |
Betty Edwards. |
| 250 ## - EDITION STATEMENT |
| Edition statement |
Rev. ed. |
| 260 ## - PUBLICATION, DISTRIBUTION, ETC. (IMPRINT) |
| Place of publication, distribution, etc. |
Los Angeles : |
| Name of publisher, distributor, etc. |
J.P. Tarcher ; |
| Place of publication, distribution, etc. |
New York : |
| Name of publisher, distributor, etc. |
Distributed by St. Martin's Press, |
| Date of publication, distribution, etc. |
c1989. |
| 300 ## - PHYSICAL DESCRIPTION |
| Extent |
xiv, 254 p., [12] p. of plates : |
| Other physical details |
ill. (some col.) ; |
| Dimensions |
24 cm. |
| 500 ## - GENERAL NOTE |
| General note |
Includes index. |
| 504 ## - BIBLIOGRAPHY, ETC. NOTE |
| Bibliography, etc |
Includes bibliographical references (p. 247-250) |
| 650 #0 - SUBJECT ADDED ENTRY--TOPICAL TERM |
| Topical term or geographic name as entry element |
Drawing |
| General subdivision |
Technique. |
| 650 #0 - SUBJECT ADDED ENTRY--TOPICAL TERM |
| Topical term or geographic name as entry element |
Visual perception. |
| 650 #0 - SUBJECT ADDED ENTRY--TOPICAL TERM |
| Topical term or geographic name as entry element |
Cerebral dominance. |
| 856 42 - ELECTRONIC LOCATION AND ACCESS |
| Materials specified |
Contributor biographical information |
| Uniform Resource Identifier |
<a href="http://www.loc.gov/catdir/enhancements/fy1209/89004561-b.html">http://www.loc.gov/catdir/enhancements/fy1209/89004561-b.html</a> |
| 942 ## - ADDED ENTRY ELEMENTS (KOHA) |
| Source of classification or shelving scheme |
|
| Koha item type |
Hard Covered Materials |
| Classification part |
NC730 .E34 1989 |